000 00224nam a2200097Ia 4500
008 190216s9999||||xx |||||||||||||| ||und||
100 _aShen Wood Tayler
245 0 _aOrganic Chemistry
260 _bHanneman London
942 _cBK
999 _c1966
_d1966